[Event "Oberliga Nord W 0910"]
[Site "Germany"]
[Date "2010.04.11"]
[Round "9.6"]
[White "Bade, Hans Juergen"]
[Black "Heinemann, Ernst"]
[Result "0-1"]
[WhiteElo "2077"]
[BlackElo "2222"]
[PlyCount "70"]
[EventDate "2009.10.18"]
[EventType "team-tourn"]
[EventRounds "9"]
[EventCountry "GER"]
[SourceTitle "EXT 2011"]
[Source "ChessBase"]
[SourceDate "2010.11.26"]
[SourceVersion "1"]
[SourceVersionDate "2010.11.26"]
[SourceQuality "1"]
[WhiteTeam "Hellern"]
[BlackTeam "Oldenburg Union"]
[WhiteTeamCountry "GER"]
[BlackTeamCountry "GER"]

1. e4 g6 2. d4 Bg7 3. Nc3 c6 4. Nf3 d5 5. h3 Nh6 6. Bf4 dxe4 7. Nxe4 0-0 8. Qd2 Nf5 9. 0-0-0 Nd6 10. Nxd6 exd6 11. Bd3 a5 12. Kb1 Na6 13. c3 Nc7 14. Bg5 f6 15. Bh6 Be6 16. Rhe1 Qd7 17. g4 Qf7 18. a3 Rfe8 19. Bxg7 Kxg7 20. Nh4 Bc4 21. Ng2 b5 22. Rxe8 Rxe8 23. Re1 Bxd3+ 24. Qxd3 Rxe1+ 25. Nxe1 Qb3 26. Qe2 Nd5 27. Qd2 b4 28. Qc2 Nxc3+ 29. Kc1 Qe6 30. Nf3 Ne2+ 31. Kd1 bxa3 32. bxa3 Nf4 33. Qxc6 Qe2+ 34. Kc1 Nd3+ 35. Kb1 Qb2# 0-1

[Event "Oberliga Nord W 0910"]
[Site "Germany"]
[Date "2010.03.21"]
[Round "8.5"]
[White "Bade, Hans Juergen"]
[Black "Andre, Wolfgang"]
[Result "1/2-1/2"]
[WhiteElo "2077"]
[BlackElo "2208"]
[PlyCount "109"]
[EventDate "2009.10.18"]
[EventType "team-tourn"]
[EventRounds "9"]
[EventCountry "GER"]
[SourceTitle "EXT 2011"]
[Source "ChessBase"]
[SourceDate "2010.11.26"]
[SourceVersion "1"]
[SourceVersionDate "2010.11.26"]
[SourceQuality "1"]
[WhiteTeam "Hellern"]
[BlackTeam "Nordhorn Blanke"]
[WhiteTeamCountry "GER"]
[BlackTeamCountry "GER"]

1. e4 c5 2. Nf3 a6 3. c4 e6 4. Nc3 Qc7 5. g3 b6 6. Bg2 Bb7 7. 0-0 d6 8. d3 Nf6 9. Nh4 Be7 10. f4 Nc6 11. f5 Nd4 12. fxe6 fxe6 13. Bh3 0-0 14. Be3 Bc8 15. Bxd4 cxd4 16. Ne2 g5 17. e5 dxe5 18. Bg2 e4 19. dxe4 gxh4 20. e5 Qxe5 21. Bxa8 Qe3+ 22. Kh1 e5 23. Rf3 Qh6 24. gxh4 Bg4 25. Rg3 Rxa8 26. h3 Qxh4 27. Kg2 Kh8 28. hxg4 Nxg4 29. Qh1 Rg8 30. Qh3 Ne3+ 31. Kh2 Rf8 32. Qxh4 Bxh4 33. Rxe3 dxe3 34. Kh3 Bf2 35. Rd1 Rc8 36. b3 b5 37. cxb5 axb5 38. Rc1 Rxc1 39. Nxc1 Kg7 40. a4 bxa4 41. bxa4 Be1 42. Nd3 Bc3 43. a5 Bxa5 44. Nxe5 Bc7 45. Nd3 h5 46. Kg2 Kf6 47. Kf3 Bb6 48. Nf4 Kg5 49. Ng2 e2 50. Kxe2 Kg4 51. Kf1 Kg3 52. Nf4 h4 53. Ne2+ Kh2 54. Nf4 Be3 55. Ng2 1/2-1/2

[Event "Oberliga Nord W 0910"]
[Site "Germany"]
[Date "2010.01.24"]
[Round "5.6"]
[White "Bade, Hans Juergen"]
[Black "Gronde, Ingo"]
[Result "1-0"]
[WhiteElo "2077"]
[BlackElo "2223"]
[PlyCount "57"]
[EventDate "2009.10.18"]
[EventType "team-tourn"]
[EventRounds "9"]
[EventCountry "GER"]
[SourceTitle "EXT 2011"]
[Source "ChessBase"]
[SourceDate "2010.11.26"]
[SourceVersion "1"]
[SourceVersionDate "2010.11.26"]
[SourceQuality "1"]
[WhiteTeam "Hellern"]
[BlackTeam "Melle III"]
[WhiteTeamCountry "GER"]
[BlackTeamCountry "GER"]

1. e4 g6 2. d4 Bg7 3. Nc3 d6 4. Be3 a6 5. f4 e6 6. a4 b6 7. Nf3 Ne7 8. e5 Bb7 9. Bd3 0-0 10. 0-0 Nd7 11. Qe2 Nf5 12. Bf2 c5 13. Bxf5 gxf5 14. dxc5 dxc5 15. Rad1 Qc7 16. Bh4 Rfe8 17. Rd6 Bc6 18. Rfd1 Qb7 19. Rxd7 Bxd7 20. Bf6 h6 21. Qf2 Bxf6 22. exf6 Kh7 23. Qh4 Rh8 24. Qh5 Bc6 25. Ne5 Raf8 26. Rd3 Bxg2 27. Rd7 Rhg8 28. Kf2 Qa8 29. Nxf7 1-0

[Event "Oberliga Nord W 0910"]
[Site "Germany"]
[Date "2009.11.29"]
[Round "3.6"]
[White "Bade, Hans Juergen"]
[Black "Lick, Patrick"]
[Result "1-0"]
[WhiteElo "2077"]
[BlackElo "2021"]
[PlyCount "31"]
[EventDate "2009.10.18"]
[EventType "team-tourn"]
[EventRounds "9"]
[EventCountry "GER"]
[SourceTitle "EXT 2011"]
[Source "ChessBase"]
[SourceDate "2010.11.26"]
[SourceVersion "1"]
[SourceVersionDate "2010.11.26"]
[SourceQuality "1"]
[WhiteTeam "Hellern"]
[BlackTeam "Hannover Post"]
[WhiteTeamCountry "GER"]
[BlackTeamCountry "GER"]

1. e4 c5 2. Nf3 d6 3. d4 cxd4 4. Nxd4 Nf6 5. Nc3 Nc6 6. Bg5 e6 7. Qd2 a6 8. f4 h6 9. Bxf6 Qxf6 10. Nxc6 bxc6 11. 0-0-0 d5 12. exd5 cxd5 13. Nxd5 exd5 14. Qxd5 Rb8 15. Bb5+ axb5 16. Rhe1+ 1-0

[Event "Oberliga Nord W 0910"]
[Site "Germany"]
[Date "2009.10.18"]
[Round "1.5"]
[White "Steffens, Olaf"]
[Black "Bade, Hans Juergen"]
[Result "1-0"]
[WhiteElo "2267"]
[BlackElo "2077"]
[PlyCount "61"]
[EventDate "2009.10.18"]
[EventType "team-tourn"]
[EventRounds "9"]
[EventCountry "GER"]
[SourceTitle "EXT 2011"]
[Source "ChessBase"]
[SourceDate "2010.11.26"]
[SourceVersion "1"]
[SourceVersionDate "2010.11.26"]
[SourceQuality "1"]
[WhiteTeam "Werder Bremen II"]
[BlackTeam "Hellern"]
[WhiteTeamCountry "GER"]
[BlackTeamCountry "GER"]

1. g3 d5 2. Bg2 c5 3. d3 Nc6 4. c4 e6 5. Nc3 Nge7 6. cxd5 Nxd5 7. Nxd5 exd5 8. Nh3 Be6 9. Nf4 Qd7 10. 0-0 Be7 11. e4 d4 12. Nxe6 Qxe6 13. f4 0-0 14. e5 Rac8 15. Qh5 g6 16. Qh6 Rcd8 17. Bd2 Rfe8 18. Bh3 f5 19. g4 Bf8 20. gxf5 Bxh6 21. fxe6 Nxe5 22. fxe5 Bxd2 23. Rf7 Be3+ 24. Kg2 Rf8 25. Raf1 Rxf7 26. Rxf7 Re8 27. Kf3 Rf8 28. Rf6 Bg5 29. e7 Rxf6+ 30. exf6 Kf7 31. Bd7 1-0

[Event "Dresden ZMD op"]
[Site "Dresden"]
[Date "2009.08.02"]
[Round "9"]
[White "Siegl, Detlef"]
[Black "Bade, Hans Juergen"]
[Result "1/2-1/2"]
[WhiteElo "1943"]
[BlackElo "2077"]
[PlyCount "45"]
[EventDate "2009.07.25"]
[EventType "swiss"]
[EventRounds "9"]
[EventCountry "GER"]
[SourceTitle "CBM 131 Extra"]
[Source "ChessBase"]
[SourceDate "2009.09.03"]
[SourceVersion "2"]
[SourceVersionDate "2009.09.16"]
[SourceQuality "1"]

1. e4 c5 2. Nc3 Nc6 3. Bb5 d6 4. Bxc6+ bxc6 5. f4 e6 6. Nf3 Ne7 7. 0-0 d5 8. d3 h5 9. Qe1 g6 10. Nh4 d4 11. Ne2 Bh6 12. Kh1 Qd6 13. Bd2 Rb8 14. b3 f5 15. Rd1 Ba6 16. Bc1 fxe4 17. dxe4 Rf8 18. Rf3 Rd8 19. c4 Qc7 20. Rdd3 Bc8 21. Bd2 Rd7 22. Rf1 Ba6 23. Rdf3 1/2-1/2

[Event "Dresden ZMD op"]
[Site "Dresden"]
[Date "2009.07.29"]
[Round "5"]
[White "Eilers, Jochen"]
[Black "Bade, Hans Juergen"]
[Result "1/2-1/2"]
[WhiteElo "1958"]
[BlackElo "2077"]
[PlyCount "35"]
[EventDate "2009.07.25"]
[EventType "swiss"]
[EventRounds "9"]
[EventCountry "GER"]
[SourceTitle "CBM 131 Extra"]
[Source "ChessBase"]
[SourceDate "2009.09.03"]
[SourceVersion "2"]
[SourceVersionDate "2009.09.16"]
[SourceQuality "1"]

1. e4 c5 2. Nc3 Nc6 3. g3 g6 4. Bg2 Bg7 5. d3 d6 6. Be3 e6 7. Qd2 Nge7 8. Bh6 Bxh6 9. Qxh6 Nd4 10. Qd2 Rb8 11. Nge2 e5 12. 0-0 0-0 13. f4 Kg7 14. Rf2 f6 15. Raf1 Be6 16. Nd5 Bxd5 17. exd5 Qd7 18. c3 1/2-1/2

[Event "Werther Schloss op-A 11th"]
[Site "Werther"]
[Date "2005.03.19"]
[Round "2"]
[White "Bade, Hans Juergen"]
[Black "Barlag, Christoph"]
[Result "0-1"]
[WhiteElo "2010"]
[BlackElo "2107"]
[PlyCount "86"]
[EventDate "2005.03.18"]
[EventType "swiss"]
[EventRounds "5"]
[EventCountry "GER"]
[SourceTitle "CBM 105 Extra"]
[Source "ChessBase"]
[SourceDate "2005.05.01"]
[SourceVersion "1"]
[SourceVersionDate "2005.05.01"]
[SourceQuality "1"]

1. e4 b6 2. d4 Bb7 3. Nc3 e6 4. a3 Nf6 5. Bd3 c5 6. Nf3 cxd4 7. Nxd4 d6 8. 0-0 Nbd7 9. Qe2 a6 10. f4 Qc7 11. Kh1 g6 12. f5 gxf5 13. exf5 e5 14. Ne6 Qc6 15. Nxf8 Rxf8 16. Bh6 Rg8 17. Rg1 b5 18. Rae1 Rg4 19. Qd2 0-0-0 20. Bf1 Rdg8 21. Qf2 b4 22. axb4 Rxb4 23. Bc1 Ng4 24. Qh4 Qc5 25. Re2 Ngf6 26. Qe1 d5 27. b3 Rbg4 28. Na4 Qd6 29. Bb2 d4 30. Rd2 Ne4 31. Rd3 Ng3+ 32. Rxg3 Rxg3 33. Qd2 Rh3 34. Qc1 Rxh2+ 35. Kxh2 e4+ 36. g3 e3 37. Qe1 Nf6 38. Bh3 Ng4+ 39. Bxg4 Rxg4 40. Qf1 Rh4+ 41. Qh3 Rxh3+ 42. Kxh3 Qh6+ 43. Kg4 Qh2 0-1

[Event "Werther Schloss op-A 11th"]
[Site "Werther"]
[Date "2005.03.19"]
[Round "3"]
[White "Ott, Mathias"]
[Black "Bade, Hans Juergen"]
[Result "1-0"]
[WhiteElo "2073"]
[BlackElo "2010"]
[PlyCount "73"]
[EventDate "2005.03.18"]
[EventType "swiss"]
[EventRounds "5"]
[EventCountry "GER"]
[SourceTitle "CBM 105 Extra"]
[Source "ChessBase"]
[SourceDate "2005.05.01"]
[SourceVersion "1"]
[SourceVersionDate "2005.05.01"]
[SourceQuality "1"]

1. d4 c5 2. Nf3 cxd4 3. Nxd4 Nc6 4. e4 Nf6 5. Nc3 d6 6. Bc4 e6 7. Be3 Bd7 8. Ndb5 Bc8 9. Qe2 a6 10. Nd4 Qc7 11. Bb3 Be7 12. 0-0-0 b5 13. f3 0-0 14. g4 Rb8 15. g5 Nxd4 16. Rxd4 Nd7 17. g6 hxg6 18. h4 Nf6 19. Bg5 Rd8 20. f4 Nh5 21. f5 Ng3 22. Qf3 Nxh1 23. Qxh1 Bxg5+ 24. hxg5 Qc5 25. Rd3 gxf5 26. Rh3 Kf8 27. g6 Ke7 28. Rh7 Qe3+ 29. Kd1 Qd4+ 30. Kc1 fxg6 31. Qh4+ Kd7 32. Qg5 Bb7 33. Qxg6 Qe3+ 34. Kd1 Qf3+ 35. Kc1 Qf4+ 36. Kd1 Bxe4 37. Qxg7+ 1-0

[Event "Werther Schloss op-A 11th"]
[Site "Werther"]
[Date "2005.03.18"]
[Round "1"]
[White "Henrich, Holger"]
[Black "Bade, Hans Juergen"]
[Result "1-0"]
[WhiteElo "2208"]
[BlackElo "2010"]
[PlyCount "101"]
[EventDate "2005.03.18"]
[EventType "swiss"]
[EventRounds "5"]
[EventCountry "GER"]
[SourceTitle "CBM 105 Extra"]
[Source "ChessBase"]
[SourceDate "2005.05.01"]
[SourceVersion "1"]
[SourceVersionDate "2005.05.01"]
[SourceQuality "1"]

1. e4 c5 2. Nf3 Nc6 3. Bb5 e6 4. 0-0 Qb6 5. Nc3 Nge7 6. Re1 d6 7. d4 cxd4 8. Nxd4 Bd7 9. Be3 Qc7 10. f4 a6 11. f5 Nxd4 12. Bxd7+ Qxd7 13. Bxd4 Nc6 14. Bb6 Ne5 15. fxe6 fxe6 16. Qh5+ Qf7 17. Qh3 Be7 18. Bd4 Bf6 19. Ne2 0-0 20. Rad1 Rac8 21. Bc3 Ng6 22. Rf1 Qe7 23. Bxf6 Rxf6 24. Rxf6 gxf6 25. Nd4 Re8 26. Rd3 Kh8 27. Rg3 Qf7 28. Qg4 Ne5 29. Qh3 Ng6 30. Kf2 Nf8 31. Qg4 Ng6 32. h4 Ne5 33. Qh3 Ng6 34. h5 Nf4 35. Qh4 e5 36. Nf5 Rf8 37. Qg4 b5 38. Nxd6 Qa7+ 39. Kf1 Qe7 40. Nf5 Qf7 41. Nd6 Qc7 42. Qd1 Ne6 43. Nf5 Qc4+ 44. Qd3 Qxa2 45. h6 Qxb2 46. Qd7 Qc1+ 47. Kf2 Qxc2+ 48. Kg1 Qc8 49. Qg7+ Nxg7 50. hxg7+ Kg8 51. Nh6# 1-0